01017nam a2200241 i 4500003000900000005001700009007000300026008004100029040003000070041000800100082001900108100004300127245008200170246006100252264006900313300005000382336002700432337003400459338002800493504003700521505016800558700004900726DO-SdBNP20260130131954.0ta260130b1997 dr a|||| |||| 00| 0 spa d aDO-SdBNPbspacBNPHUerda aspa 4axxxbC957m2221 aMiller, Jeannette,d1944-eautor4aut.10aGaspar Mario Cruz : bpoeta de las formas = Poet of forms /cJeannette Miller aGaspar Mario Cruz :bpoeta de las formas = Poet of forms aSanto Domingo, República Dominicana : bÚltimo Arte,c1997. a146, [2] páginas :bilustraciones ;c31 cm. atextobtxt2rdacontent asin mediación bn2rdamedia avolumenbnc2rdacarrier aBibliografía: páginas [148]  aPresentación, 11 -- Prólogo, 17-- La época, 27 -- El hombre, 39 -- La obra, 77 -- Crítica, 105 -- Testimonios, 127 -- Cronología, 135 -- Bibliografía.1 aUgarte, Maríad1914-20114pr.eprologuista